• 首页
  • 本馆介绍
  • 公告通知
  • 最新文献
  • 馆藏检索
  • 电子资源
  • 读者导购
  • 参考咨询
  • 我的图书馆
  • 登录
  • 详细信息显示
  • 放入我的书架
  • 预约/预借图书
  • 作者相关作品
  • 分类相关作品
  • 丛书相关作品
  • 出版社相关作品

书目信息

  • 表格格式
  • 工作单格式
  • 卡片格式
题名:
不为人知的幽灵杀手米格-31
    
 
作者: 戈登 , 矫中成 著 ;李艳芬 译
分册:  
出版信息: 北京   中国市场出版社  2010
页数: 243页
开本: 24cm
丛书名:
单 册:
中图分类: E926.31
科图分类:
主题词: 歼击机--简介--俄罗斯 , 歼击机
电子资源:
ISBN: 978-7-5092-0539-6
000 01095oam0 2200277 45
001 1237603700
005 20120618095019.03
010    @a978-7-5092-0539-6@dCNY58.00
100    @a20120229d2010 em y0chiy50 ea
101 1  @achi@crus
102    @aCN@b110000
105    @aa z 000yy
106    @ar
200 1  @a不为人知的幽灵杀手米格-31@ABu Wei Ren Zhi De You Ling Sha Shou Mi Ge -31@f(俄) 叶菲姆·戈登(Yefim Gordon)著@F( E ) Ye Fei Mu· Ge Deng (Yefim Gordon) Zhu@g矫中成,李艳芬译
210    @a北京@c中国市场出版社@d2010
215    @a243页@c图@d24cm
330    @a本书真实展现了米格-31的研制过程、基本构造、主要型号、性能特点,以及不为人知的作战使用时的秘密,并从一个侧面展现了苏联,俄罗斯的战机设计理念、空军战略、空军和国防工业部门的概况。
510 1  @aFamous Russian aircraft Mikoyan Mig-31@zeng
606 0  @a歼击机@x简介@y俄罗斯
606 0  @a歼击机
690    @aE926.31@v4
701  1 @a戈登@AGe Deng@g(Gordon, Yefim)@4著
701  0 @a矫中成@AJiao Zhong Cheng@4译
702  0 @a李艳芬@ALi Yan Fen@4译
801  0 @aCN@bTSTCL@c20120604
905    @b0817207-10@dE926.31@e25@f4
    
    不为人知的幽灵杀手米格-31/(俄) 叶菲姆·戈登(Yefim Gordon)著/矫中成,李艳芬译.-北京:中国市场出版社,2010
    243页:图;24cm
    
    
    ISBN 978-7-5092-0539-6:CNY58.00
    本书真实展现了米格-31的研制过程、基本构造、主要型号、性能特点,以及不为人知的作战使用时的秘密,并从一个侧面展现了苏联,俄罗斯的战机设计理念、空军战略、空军和国防工业部门的概况。
●
相关链接 在E读中查询图书 在五车中查询图书 在当当中查询图书 在豆瓣中查询图书


正题名:不为人知的幽灵杀手米格-31     索取号:E926.31/25         预约/预借

序号 登录号 条形码 馆藏地/架位号 状态 备注
1 0817207   208172074   第一样本阅览室/ [索取号:E926.31/25] 在馆    
2 0817208   208172083   第一借阅区/ [索取号:E926.31/25] 在馆    
3 0817209   208172092   第一借阅区/ [索取号:E926.31/25] 在馆    
4 0817210   208172109   第一借阅区/ [索取号:E926.31/25] 在馆    
唐山师范学院图书馆 欢迎您!
大连网信软件有限公司© 版权所有